Mẹo Luật Chính tả

Gespeichert in:
Bibliographische Detailangaben
1. Verfasser: Lê Trung Hoa
Format: Buch
Sprache:Vietnamese
Veröffentlicht: TP.Hồ Chí Minh Sở Văn và Thông Tin 1984
Tags: Tag hinzufügen
Keine Tags, Fügen Sie den ersten Tag hinzu!
Thư viện lưu trữ: Mạng thư viện Đại học Đà Nẵng
LEADER 00898nam a2200277 4500
001 000007678
003 3841
005 20111011091003.0
008 111011s1984 viesd
041 0 |a vie 
082 |a 495.92282  |b LÊ-H 
100 0 |a Lê Trung Hoa 
245 0 |a Mẹo Luật Chính tả  |c Lê Trung Hoa 
260 |a TP.Hồ Chí Minh  |b Sở Văn và Thông Tin  |c 1984 
300 |c 19 cm 
910 |a Quy  |d 10/11/2011 
OWN |a LSP 
AVA |a UDN50  |b LSP  |d 495.92282 LÊ-H  |e unavailable  |t Error 5002 Not defined in file expand_doc_bib_avail.  |f 1  |g 1  |h N  |i 0  |k 1 
999 |a From the UDN01 
AVA |a UDN50  |b LSP  |d 495.92282 LÊ-H  |e unavailable  |t Error 5002 Not defined in file expand_doc_bib_avail.  |f 1  |g 1  |h N  |i 0  |k 1 
TYP |a Monograph 
TYP |a Printed language 
980 |a Mạng thư viện Đại học Đà Nẵng